000 00835nam a22002297a 4500
999 _c86877
_d86877
010 _aBAC-CH25
020 _a9788172344399
_c99.00
035 _aB-561668-701
035 _aB-664608, B-561680
035 _aG-003190
037 _aDPL
_bUBH/vendor
082 _aN
100 _aOrwell, George
245 _aAnimal farm /
_cby George Orwell
260 _bFinger Print Classics
_c2013(repr)
_aNew Delhi
270 _a113/A, Darya Ganj
_bNew Delhi
_e110002
300 _a119p.:
_bill.
_c22cm(pbk)
942 _2ddc
_cCH
_mORW
_hN